BIBLIOTECA PODER JUDICIAL
Portal Judicial TDF

Asilo diplomático : (Registro nro. 468)

000 -LEADER
fixed length control field 01692nam a22002057a 4500
003 - CONTROL NUMBER IDENTIFIER
control field OSt
005 - DATE AND TIME OF LATEST TRANSACTION
control field 20220610134902.0
008 - FIXED-LENGTH DATA ELEMENTS--GENERAL INFORMATION
fixed length control field 180321b xxu||||| |||| 00| 0 spa d
040 ## - CATALOGING SOURCE
Transcribing agency PJ
100 ## - ASIENTO PRINCIPAL - NOMBRE DE PERSONA
Personal name Torres Gigena, Carlos
9 (RLIN) 601
245 10 - MENCIÓN DE TÍTULO
Título propiamente dicho Asilo diplomático :
Parte restante del título su práctica y teoría /
Mención de responsabilidad, etc Carlos Torres Gigena.
260 ## - PUBLICATION, DISTRIBUTION, ETC. (IMPRINT)
Place of publication, distribution, etc Buenos Aires :
Name of publisher, distributor, etc La Ley,
Date of publication, distribution, etc 1960.
300 ## - DESCRIPCION FISICA
Extent 482 p.
Dimensions 24 cm.
500 ## - NOTA GENERAL
General note Notas al pie de página.<br/>
505 ## - FORMATTED CONTENTS NOTE
Formatted contents note PRIMERA PARTE<br/>DEL ASILO EN GENERAL<br/>Capitulo I<br/>1. Orígenes<br/>Capitulo II <br/>1. Clasificación.<br/>SEGUNDA PARTE<br/>DEL ASILO DIPLOMATICO <br/>Capitulo I<br/>1. Historia en la institución en Europa<br/>Capitulo II<br/>1. Casos de asilos en que intervino la República Argentina.<br/>Capitulo III<br/>1. Opiniones jurídicas.<br/>Capitulo IV<br/>1. El asilo diplomático como derecho.<br/>Capitulo V<br/>1. Del asilado.<br/>Capitulo VI<br/>1. La clasificación del delito en el asilo diplomático.<br/>Capitulo VII <br/>1. Lugares de asilo.<br/>Capitulo VIII<br/>1. Obligaciones de la autoridad asilante..<br/>Capitulo IX<br/>1. Obligaciones del gobierno territorial.<br/>Capitulo X<br/>1. Terminación del asilo diplomático.<br/>Capitulo XI <br/>1. El asilo y el reconocimiento del gobierno de facto.<br/>Capitulo XII<br/>1.El asilo diplomático ante organismos internacionales.<br/>TERCERA PARTE<br/>Capitulo XIII<br/>1. Tratados, Convenciones y acuerdos proyectos oficiales de tratados y convenciones informes y debates en congresos internacionales controversias diplomáticas resoluciones de instituciones jurídicas.<br/><br/>
Statement of responsibility TORRES GIGENA
Title ASILO DIPLOMATICO
650 #0 - ASIENTO SECUNDARIO DE MATERIA - TERMINO TEMATICO
9 (RLIN) 495
Topical term or geographic name as entry element DERECHO INTERNACIONAL
650 #0 - ASIENTO SECUNDARIO DE MATERIA - TERMINO TEMATICO
9 (RLIN) 500
Topical term or geographic name as entry element RELACIONES DIPLOMÁTICAS
650 #0 - ASIENTO SECUNDARIO DE MATERIA - TERMINO TEMATICO
9 (RLIN) 602
Topical term or geographic name as entry element ASILO DIPLOMATICO
942 ## - ADDED ENTRY ELEMENTS (KOHA)
Source of classification or shelving scheme
Koha item type Libros
Classification part 341.43
Item part TOR
Existencias
Withdrawn status Lost status Source of classification or shelving scheme Damaged status Not for loan Permanent Location Current Location Date acquired Full call number Barcode Date last seen Price effective from Koha item type
          Biblioteca Poder Judicial Sur Biblioteca Poder Judicial Sur 2018-05-15 341.43 TOR 1895 2018-05-15 2018-05-15 Libros

12 de Octubre 789 Ushuaia - Tel:  54(02901)441571
Horario de Atención: 8.00 a 17.00 hs. 
bibliotecaush@justierradelfuego.gov.ar
koha@justierradelfuego.gov.ar
Seguinos en nuestras redes @bibliojustdf 

Con tecnología Koha